000 00885nam a22003017a 4500
001 BR2013004636
003 BR-BrBNA
005 20250129153030.0
007 ta
008 230509b bl.||||| |||| 00| 0 por d
040 _aBR-BrBNA
_bpor
_cBiblioteca Nacional de Agricultura
041 _a(Por)
072 _aL53
_b5212
100 1 _aCosta, M.J.R.P. da
100 1 _aSchmidek, A.
100 1 _aToledo, L.M. de
110 1 _aMinistério da Agricultura, Pecuária e Abastecimento, Brasília, DF (Brasil)
_96897
245 1 _aBoas práticas de manejo bezerros ao nascimento
260 3 _aBrasília, DF (Brasil):
_c2013.
300 _a39 p.
500 _a32 illus.
650 _aVACA
650 _aBEZERRO
650 _aPARTO
650 _aMANEJO
856 _uhttps://repositorio-dspace.agricultura.gov.br/bitstream/1/251/1/Bezerros-ao-Nascimento.pdf
942 _cBK
_2AGRIS
999 _c78635
_d78635